| 000 | 00390nam a2200145Ia 4500 | ||
|---|---|---|---|
| 008 | 230917s9999||||xx |||||||||||||| ||und|| | ||
| 040 |
_e128511 _aMAIN |
||
| 041 | _aEnglish | ||
| 082 | _a320.954 N164T | ||
| 100 | _aNarain, Iqbal | ||
| 245 | 0 | _aTwilight or dawn: The political change in India (1967-71) | |
| 260 |
_aAgra _bShiva Lal Agarwala _c1972 |
||
| 300 | _aii, 244 p. | ||
| 942 | _cBK | ||
| 999 |
_c116256 _d116256 |
||